| 000 | 01016nam a2200289 a 4500 | ||
|---|---|---|---|
| 001 | 34755 | ||
| 003 | BD-RjUL | ||
| 005 | 20211209052215.0 | ||
| 008 | 140519s1996 ii a b 000 0 eng | ||
| 020 | _a0803993293 (USHB) | ||
| 020 | _a8170365643 (IndiaHB) | ||
| 035 | _a(BD-RjUL)34849 | ||
| 040 |
_aDLC _cDLC _dDLC _dBD-RjUL _beng |
||
| 041 | _aeng | ||
| 082 | 0 | 0 |
_a306.85072054 _220 _bFAM 1996 |
| 245 | 0 | 0 |
_aFamily measurement in India / _cedited by Shalini Bharat. |
| 260 |
_aNew Delhi ; _aThousand Oaks, Calif. : _bSage Publications, _c1996. |
||
| 300 |
_a319 p. : _bill. ; _c23 cm. |
||
| 500 | _aThis vol. contains 12 papers presented at the National Seminar on Family Measurement organized in Bombay in 1992. | ||
| 504 | _aIncludes bibliographical references (p. [301]-314). | ||
| 650 | 0 |
_aFamilies _xResearch _zIndia _vCongresses. _9105764 |
|
| 650 | 0 |
_aFamilies _zIndia _vCongresses. _9105765 |
|
| 700 | 1 |
_aBharat, Shalini. _9105766 |
|
| 942 |
_2ddc _cBK |
||
| 999 |
_c34755 _d34755 |
||